SUNERGY and BHMS / (Record no. 603317)
[ view plain ]
| 000 -LEADER | |
|---|---|
| fixed length control field | 00739nam a22001817a 4500 |
| 003 - CONTROL NUMBER IDENTIFIER | |
| control field | NUST |
| 040 ## - CATALOGING SOURCE | |
| Original cataloging agency | 0 |
| 082 ## - DEWEY DECIMAL CLASSIFICATION NUMBER | |
| Classification number | 621.382,RAH |
| 100 ## - MAIN ENTRY--PERSONAL NAME | |
| Personal name | Rahim, Adeena |
| 245 ## - TITLE STATEMENT | |
| Title | SUNERGY and BHMS / |
| Statement of responsibility, etc. | Adeena Rahim, Muhammad Junaid Rehmat, Muhammad Hasnain Naimat Alvi and Muhammad Aitzaz Azam. (TCC-31 / BETE-56) |
| 264 ## - PRODUCTION, PUBLICATION, DISTRIBUTION, MANUFACTURE, AND COPYRIGHT NOTICE | |
| Place of production, publication, distribution, manufacture | Rawalpindi |
| Name of producer, publisher, distributor, manufacturer | MCS (NUST) |
| Date of production, publication, distribution, manufacture, or copyright notice | 2023 |
| 300 ## - PHYSICAL DESCRIPTION | |
| Extent | 65 p.; |
| 505 ## - FORMATTED CONTENTS NOTE | |
| Formatted contents note | Introduction (Page-1), Literature Review (Page-11), Interfacing and Detection (Page-14), Web And Mobile Dashboard (Page-24), Hardware Construction (Page-29), Conclusion (Page-41). |
| 650 ## - SUBJECT ADDED ENTRY--TOPICAL TERM | |
| Topical term or geographic name entry element | UG EE Project |
| 690 ## - LOCAL SUBJECT ADDED ENTRY--TOPICAL TERM (OCLC, RLIN) | |
| Topical term or geographic name as entry element | TCC-31 / BETE-56 |
| 700 ## - ADDED ENTRY--PERSONAL NAME | |
| Personal name | Supervised by Usman Mehmood Malik |
| 942 ## - ADDED ENTRY ELEMENTS (KOHA) | |
| Source of classification or shelving scheme | |
| Koha item type | Project Report |
| Withdrawn status | Permanent Location | Current Location | Shelving location | Date acquired | Full call number | Barcode | Koha item type |
|---|---|---|---|---|---|---|---|
| Military College of Signals (MCS) | Military College of Signals (MCS) | General Stacks | 10/04/2023 | 621.382,RAH | MCSPTC-457 | Project Report |
